| 000 | 00670nam a22001935i 4500 | ||
|---|---|---|---|
| 001 | 162639 | ||
| 003 | ES-MaACL | ||
| 005 | 20230906212554.0 | ||
| 008 | 990527s1851 fr |||| | fre d | ||
| 040 |
_aCCPB | B _bspa _cCCPB | B |
||
| 100 | 0 |
_aProudhon, Pierre-Joseph. _994052 |
|
| 245 | 1 | 0 |
_aIdée générale de la révolution au \RXIX\R\pe\s siècle _b: (Choix d'études sur la pratique révolutionnaire et industrielle) / _cpar P. J. Proudhon. |
| 250 | _a2e éd. | ||
| 260 |
_aParis : _bGarnier Frères, _c1851. |
||
| 300 |
_aVIII, 352 p. ; _c17 cm. |
||
| 597 | _aAntep. | ||
| 650 |
_aRevolución industrial. _9136832 |
||
| 852 |
_aES-MaACL _jD-5040 _z-- Rúst. |
||
| 999 |
_c162639 _d162639 |
||